00190 a2200085 450000100060000008200170000610000160002324500460003926000190008576615 a940.5311 TAY aTaylor, AJP aOrigines of the second world warhEnglish bHamiltonc1961